Cestovný ruch na Slovensku v roku 1998

Vývoj cestovného ruchu v SR v roku 1998 na základe oficiálnych štatistických údajov Slovenského štatistického úradu a Národnej banky Slovenska. Zahraniční návštevníci podľa vysielajúcej krajiny. Účel návštevy. Použité ubytovacie zariadenia. Navštívené oblasti na Slovensku. Krajiny pobytu slovenských...

ver descrição completa

Na minha lista:
Detalhes bibliográficos
Formato: Capítulo de Livro
Idioma:eslovaco
Assuntos:
Tags: Adicionar Tag
Sem tags, seja o primeiro a adicionar uma tag!

MARC

LEADER 00000naa a2200000 4500
001 r035765
005 20230426124549.8
041 0 |a slo 
044 |a SK 
245 1 0 |a Cestovný ruch na Slovensku v roku 1998 
520 |a Vývoj cestovného ruchu v SR v roku 1998 na základe oficiálnych štatistických údajov Slovenského štatistického úradu a Národnej banky Slovenska. Zahraniční návštevníci podľa vysielajúcej krajiny. Účel návštevy. Použité ubytovacie zariadenia. Navštívené oblasti na Slovensku. Krajiny pobytu slovenských obyvateľov v zahraničí. Ukazovatele o cestovnom ruchu v SR za r. 1998 a porovnanie s predchádzajúcim rokom. (Grafy, tabuľky). 
610 2 0 |a ruch cestovný 
610 2 0 |a ruch cestovný domáci 
610 2 0 |a ruch cestovný zahraničný 
610 2 0 |a Slovensko 
610 2 0 |a údaje štatistické 
610 2 0 |a dovolenka 
610 2 0 |a porovnanie štatistické 
610 2 0 |a turistika 
610 2 0 |a zariadenia ubytovacie 
610 2 0 |a 1998